阿蘇市(熊本県)の駅 - Statistics

General Stats
  • This quiz has been taken 2 times
  • The average score is 5 of 8
Answer Stats
Answer % Correct
阿蘇
100%
内牧
100%
滝水
50%
波野
50%
宮地
50%
いこいの村
50%
赤水
50%
市ノ川
0%
No matching quizzes found
Score Distribution
Percent of People with Each Score
Percentile by Number Answered
Your Score History
You have not taken this quiz